Recess countdown: (Record no. 114267)
[ view plain ]
| 000 -LEADER | |
|---|---|
| fixed length control field | 00436nam a2200169 a 4500 |
| 005 - DATE AND TIME OF LATEST TRANSACTION | |
| control field | 20140414132054.0 |
| 008 - FIXED-LENGTH DATA ELEMENTS--GENERAL INFORMATION | |
| fixed length control field | 121023s19uu xx 00 eng d |
| 020 ## - INTERNATIONAL STANDARD BOOK NUMBER | |
| International Standard Book Number | 0439242312 |
| 050 ## - LIBRARY OF CONGRESS CALL NUMBER | |
| Classification number | TR 513.2 |
| Item number | R281 2002 |
| 100 ## - MAIN ENTRY--PERSONAL NAME | |
| Personal name | Regan, Dana |
| 245 ## - TITLE STATEMENT | |
| Title | Recess countdown: |
| Remainder of title | level 3. |
| 260 ## - PUBLICATION, DISTRIBUTION, ETC. (IMPRINT) | |
| Place of publication, distribution, etc | New York : |
| Name of publisher, distributor, etc | Scholastic Inc, |
| Date of publication, distribution, etc | 2002. |
| 300 ## - PHYSICAL DESCRIPTION | |
| Extent | 30 |
| 440 ## - SERIES STATEMENT/ADDED ENTRY--TITLE | |
| Title | Hello Math Reader! |
| 650 ## - SUBJECT ADDED ENTRY--TOPICAL TERM | |
| Topical term or geographic name as entry element | Number- |
| General subdivision | counting. |
| Withdrawn status | Lost status | Damaged status | Home library | Current library | Shelving location | Date acquired | Source of acquisition | Total Checkouts | Full call number | Barcode | Date last seen | Price effective from | Koha item type |
|---|---|---|---|---|---|---|---|---|---|---|---|---|---|
| Munich Library | Munich Library | Teachers Reference Section | 10/23/2012 | TR 513.2 R281 2002 | M6053 | 04/14/2014 | 04/14/2014 | Books |